| 000 | 00589nam a22001817a 4500 | ||
|---|---|---|---|
| 999 |
_c524777 _d524777 |
||
| 003 | NUST | ||
| 038 | _aFaiza | ||
| 082 |
_a297 _bNOS |
||
| 100 |
_aNoshahi, Sardaar Ali Sardaar Qadri _915569 |
||
| 245 |
_aBaba ji mein Haar gya / _cSardaar Ali Sardaar Qadri Noshahi |
||
| 260 |
_aSialkot : _bMuh.Yousaf, _c1983. |
||
| 300 | _a404 p. ; | ||
| 500 | _aHard cover. | ||
| 880 |
_6100-01\r _aسردارعلی سردارقادری نوشاہی |
||
| 880 |
_6245-02\r _aباباجی میں ہارگیا / |
||
| 880 |
_6260-03\r _aسیالکوٹ : _bمحمد یوسف, _c۱۹۸۳. |
||
| 942 |
_2ddc _cBK |
||